| 000 | 00576 a2200169 4500 | ||
|---|---|---|---|
| 003 | Nust | ||
| 005 | 20220725124809.0 | ||
| 020 | _a9690015192 | ||
| 040 | _cNust | ||
| 082 | _a004.16,NAQ | ||
| 100 |
_aNaqvi,Tehseen _994895 |
||
| 245 |
_aMaster your PC : _bDOS & Windows / _cTehseen Naqvi |
||
| 260 |
_aLahore (Pakistan) _bFerozsona _c1998 |
||
| 300 | _avi,E9 p.: | ||
| 505 | _aThe PC Fundamentals (Page-A-1), What Can I Do With DOS (Page-B-1), Using Windows 3.1 (Page-C-1), Using Windows 95 (Page-D-1), The PC Secret – An Insight (Page-E-1) | ||
| 942 |
_2ddc _cBK _k004.16,HAQ |
||
| 999 |
_c176437 _d176437 |
||